| 000 | 00748nam a2200205Ia 4500 | ||
|---|---|---|---|
| 001 | 8814 | ||
| 003 | GE_BSU | ||
| 008 | 181216s||||||||xx |||||||||||||| ||und|| | ||
| 040 | _cGE_BSU | ||
| 080 | _a821.353.1–311.6 | ||
| 100 | _aკალანდაძე,ალექსანდრე | ||
| 245 | _aრომანი ალექსანდრე ბატონიშვილის ცხოვრებისა | ||
| 245 | _cრედ.ნ.ხომერიკი | ||
| 260 | _aთბილისი | ||
| 260 | _bმერანი | ||
| 260 | _c1991 | ||
| 300 | _a392გვ.20სმ. | ||
| 653 | _aრომანი ალექსანდრე ბატონიშვილის ცხოვრებისა | ||
| 942 | _cBK | ||
| 999 |
_c42122 _d42122 |
||